Basic sociology / (Record no. 11933)
[ view plain ]
| 000 -LEADER | |
|---|---|
| fixed length control field | 00799nam a2200265Ia 4500 |
| 008 - FIXED-LENGTH DATA ELEMENTS--GENERAL INFORMATION | |
| fixed length control field | 210303s9999 xx 000 0 und d |
| 016 ## - NATIONAL BIBLIOGRAPHIC AGENCY CONTROL NUMBER | |
| Source | retro2022 |
| 017 ## - LEGAL DEPOSIT NUMBER | |
| Legal deposit number | LD.3415 |
| 018 ## - LEGAL DEPOSIT YEAR | |
| LDD Year | 2025 |
| 020 ## - INTERNATIONAL STANDARD BOOK NUMBER | |
| ISBN | 9789788418375 |
| 040 ## - CATALOGING SOURCE | |
| Original cataloging agency | NLN |
| Language of cataloging | English |
| Description conventions | AACR2 |
| 100 ## - MAIN ENTRY--AUTHOR | |
| Author | IGBO, Eddiefloyd M. |
| Relator term | aut |
| 245 #0 - TITLE STATEMENT | |
| Title | Basic sociology / |
| Statement of responsibility, etc | Eddiefloyd Maduabuchi Igbo |
| 260 ## - PUBLICATION, DISTRIBUTION, ETC. (IMPRINT) | |
| Place of publication | Enugu state (25, Ogunbiyi Lane Ogui) : |
| Name of publisher | Rhyce Kerex publishers, |
| Date of publication | 2011 |
| 300 ## - COLLATION | |
| Pagination | xv, 420p. ; |
| Other physical details | 22cm. |
| 500 ## - GENERAL NOTE | |
| General note | includes bibliographical references |
| 563 ## - BINDING INFORMATION | |
| Binding note | (pbk.) |
| 650 ## - TRACINGS | |
| Main Subject | Sociology |
| Subdivision (1st) | Study and teaching (Higher) |
| 650 ## - TRACINGS | |
| Main Subject | Sociology |
| Subdivision (1st) | Textbooks |
| 650 ## - TRACINGS | |
| Main Subject | Social science |
| 942 ## - ADDED ENTRY ELEMENTS (KOHA) | |
| Item type | Books |
| Suppress in OPAC | No |
| 050 ## - LIBRARY OF CONGRESS CALL NUMBER | |
| Classification number | HM571 |
| Item number | .I24 |
| 082 ## - DEWEY DECIMAL CLASSIFICATION NUMBER | |
| Classification number | 301.0711 |
| Source of classification or shelving scheme | Not for loan | Home library | Current library | Date acquired | Full call number | Barcode. | Koha item type | Mode of acquisition | Accession No. | Copy number |
|---|---|---|---|---|---|---|---|---|---|---|
| Library of Congress Classification | IBADAN BRANCH LIBRARY | National Library of Nigeria | 04/03/2021 | HM571 .I24 | 2024-555555550995029 | Books | ||||
| Library of Congress Classification | JALINGO BRANCH | National Library of Nigeria | 27/10/2025 | HM571 .I24 | 221379 | Books | Legal deposit | 221379 | 1 | |
| Library of Congress Classification | SOKOTO BRANCH | National Library of Nigeria | 27/10/2025 | HM571 .I24 | 221378 | Books | Legal deposit | 221378 | 1 |
